000 00417nam a22001571c 4500
001 a02141
008 051003s1974 gw |||| 000u eng d
041 _aeng
100 1 _aKrammer, Arnold
245 0 4 _aThe Forgotten Friendship :
_bIsrael and the Soviet Bloc 1947-53
264 _aUrbana :
_bUniversity of Illinois Press,
_c1974
300 _a224 S. Oln.
942 _cMG
040 _cRU-10907106
003 RU-10907106
999 _c8303
_d8303